000 00311nam a2200109Ia 4500
008 200302s9999 xx 000 0 und d
100 _aGeraint John & Others
245 _aHandbook of Sports & Recreational Builiding Design Vol 1 2nd ed.,
260 _bThe Architectural Press
260 _c2001
300 _a281 P.,
999 _c1783
_d1783